| 000 | 00000nam##2200000za#4500 |
| 001 | 9.574513 |
| 003 | CaOODSP |
| 005 | 20210624184223 |
| 007 | cr ||||||||||| |
| 008 | 150406|2006||||xxc|||||o f|0| 0 eng|d |
| 040 | |aCaOODSP|beng |
| 043 | |an-cn--- |
| 086 | 1 |aTU3-5/06-17E-PDF |
| 110 | 2 |aTransportation Safety Board of Canada. |
| 245 | 10|aLoss of control and collision with terrain - Aviation Mauricie Cessna U206F (floatplane) C-FMGP, Pasteur Lake, Quebec, 08 July 2006 |h[electronic resource] |
| 260 | |aGatineau - Quebec : |bTransportation Safety Board of Canada |c2007. |
| 300 | |a8p.|bfig., map, photographs |
| 490 | 1 |aAviation investigation report |vA06Q0114 |
| 500 | |a"The Board authorized the release of this report on 31 July 2007" --p.8. |
| 590 | |a12-33-Supp|b2012-07-18 |
| 775 | 08|tPerte de maîtrise et collision avec le relief du Cessna U206F (hydravion) C-FMGP, exploité par Aviation Mauricie au lac du Pasteur (Québec), le 8 juillet 2006 |w(CaOODSP)9.604257 |
| 830 | #0|aAviation investigation report ;|vA06Q0114|w(CaOODSP)9.504825 |
| 856 | 40|ahttp://publications.gc.ca|qPDF|s592 KB|uhttps://publications.gc.ca/collections/collection_2012/bst-tsb/TU3-5-06-17-eng.pdf|yA06Q0114 |